|
|
|
|
| LEADER |
00000nam0a2200000 4500 |
| 001 |
319371 |
| 005 |
20231102003155.0 |
| 035 |
|
|
|a (RuTPU)RU\TPU\book\344880
|
| 090 |
|
|
|a 319371
|
| 100 |
|
|
|a 20160530d1951 m y0rusy50 ca
|
| 101 |
0 |
|
|a rus
|
| 102 |
|
|
|a RU
|
| 105 |
|
|
|a a j 001zy
|
| 200 |
1 |
|
|a Технология обработки деталей аппаратуры проводной связи
|e [учебное пособие]
|h Ч. 2 : Гальваническая обработка, допуски и технические измерения, вопросы экономики технологического процесса
|f Д. И. Призент
|
| 210 |
|
|
|a Москва
|a Ленинград
|c Госэнергоиздат
|d 1951
|
| 215 |
|
|
|a 312 с.
|c ил.
|
| 320 |
|
|
|a Алф. указ.: с. 309-312
|
| 606 |
1 |
|
|a Кабельные линии связи
|x Защита от коррозии
|2 stltpush
|3 (RuTPU)RU\TPU\subj\13424
|9 40034
|
| 606 |
1 |
|
|a Гальванические покрытия
|x Нанесение
|2 stltpush
|3 (RuTPU)RU\TPU\subj\5499
|9 33556
|
| 610 |
1 |
|
|a допуски
|
| 610 |
1 |
|
|a посадки
|
| 610 |
1 |
|
|a технические измерения
|
| 610 |
1 |
|
|a техническое нормирование
|
| 610 |
1 |
|
|a технологическое проектирование
|
| 610 |
1 |
|
|a припуски
|
| 610 |
1 |
|
|a точность
|
| 610 |
1 |
|
|a организация производства
|
| 610 |
1 |
|
|a учебные пособия
|
| 675 |
|
|
|a 621.39.052(075.8)
|v 4
|
| 675 |
|
|
|a 621.357.74(075.8)
|v 4
|
| 700 |
|
1 |
|a Призент
|b Д. И.
|
| 801 |
|
1 |
|a RU
|b 63413507
|c 20160530
|
| 801 |
|
2 |
|a RU
|b 63413507
|c 20171102
|g RCR
|
| 942 |
|
|
|c BK
|